Szczegóły MARC21

Problemy społeczno-gospodarcze regionów przygranicznych ze szczególnym uwzględnieniem Euroregionu Pomerania : [VII międzynarodowa studencka konferencja naukowa], Szczecin, 4-5 grudnia 2003 r. : materiały konferencyjne : praca zbiorowa /

005 -DATA I CZAS OSTATNIEJ MODYFIKACJI [,]
    • @
    • pole kontrolne
    • 20070315155141.9
020 -Międzynarod. znormalizowany nr książki - ISBN [ , ]
    • a
    • Numer ISBN
    • 8389260808 Find
040 -Instytucja sporządzająca opis [ , ]
    • a
    • Instytucja, która sporządziła opis (NP)
    • SZCZ U
    • c
    • Instytucja, która sporządziła rekord (NP)
    • SZCZ U
    • d
    • Instytucja, która zmodyfikowała rekord (P)
    • SZCZ U /MC
041 -Język dokumentu [0, ]
    • a
    • Język tekstu (P)
    • polski
    • a
    • Język tekstu (P)
    • angielski
    • a
    • Język tekstu (P)
    • rosyjski
044 -Kraj miejsca wydania [ , ]
    • a
    • Kraj miejsca wydania
    • Polska
942 -Rodzaj dokumentu [ , ]
    • c
    • Rodzaj dokumentu
    • Książka
245 -Strefa tytułu i oznaczenia odpowiedzialności [0,0]
    • a
    • Tytuł
    • Problemy społeczno-gospodarcze regionów przygranicznych ze szczególnym uwzględnieniem Euroregionu Pomerania : Find
    • b
    • Ciąg dalszy tytułu (NP)
    • [VII międzynarodowa studencka konferencja naukowa], Szczecin, 4-5 grudnia 2003 r. : materiały konferencyjne : praca zbiorowa / Find
    • c
    • Pozostałe elementy strefy tytułu i oznaczenia odpowiedzialności (NP)
    • pod red. nauk. Henryka Babisa ; Uniwersytet Szczeciński. Wydział Zarządzania i Ekonomiki Usług. Koło Naukowe Łączności.
260 -Strefa adresu wydawniczego [ , ]
    • a
    • Miejsce wydania (P)
    • Szczecin :
    • b
    • Nazwa wydawcy (P)
    • Zapol,
    • c
    • Data wydania (P)
    • 2003.
300 -Strefa opisu fizycznego [ , ]
    • a
    • Określenie formy książki i/lub objętość (NP)
    • 183 s. :
    • b
    • Oznaczenie ilustracji (NP)
    • il. :
    • c
    • Format (NP)
    • 24 cm.
504 -Uwaga dot. bibliogr. załącznikowej [ , ]
    • a
    • Uwaga dot. bibliografii załącznikowej
    • Bibliogr. Summ.
546 -Uwaga dot. języka [ , ]
    • a
    • Uwaga dot. języka
    • Tekst częśc. w jęz. ang., ros.
    • b
    • Uwaga dot. alfabetu
    • Alfabet częśc. cyryl.
080 -Uniwersalna Klasyfikacja Dziesiętna [ , ]
    • 2
    • Identyfikator wydania tablic
    • UDC-P058
    • a
    • Symbol klasyfikacji
    • 339.92(1-04)
    • b
    • Dopowiedzenie
    • Regiony współpracy przygranicznej. Euroregiony.
    • x
    • Poddział wspólny
    • (438)
    • b
    • Dopowiedzenie
    • (Polska).
    • x
    • Poddział wspólny
    • (430)
    • b
    • Dopowiedzenie
    • (Niemcy. Republika Federalna od 1990).
    • x
    • Poddział wspólny
    • (485)
    • b
    • Dopowiedzenie
    • (Szwecja).
    • x
    • Poddział wspólny
    • "1995/...''
    • b
    • Dopowiedzenie
    • Od 1995 roku.
    • x
    • Poddział wspólny
    • (061)
    • b
    • Dopowiedzenie
    • (Wydawnictwa odnoszące sie do konferencji, zjazdów itd.Sprawozdania z konferencji).
980 -Symbol UKD [ , ]
    • a
    • UKD
    • 339.92(438+430+485]-04)"1995/..."(061)
700 -Hasło dodatkowe - nazwa osobowa [1, ]
    • 9
    • KHW
    • 79
    • a
    • Nazwa osobowa (NP)
    • Babis, Henryk. Find
    • e
    • Określenie rodzaju współpracy
    • Red.
920 -ISBN [ , ]
    • a
    • ISBN
    • 83-89260-80-8 Find
Status udost. Numer inwentarzowy Sygnatura Data inwentaryzacji Lokalizacja
-2T.8904T.89042006-01-05T
-3TM.6898 2009-10-12T